| 000 | 01959nam a22002417a 4500 | ||
|---|---|---|---|
| 003 | OSt | ||
| 005 | 20210317170140.0 | ||
| 008 | 210317s2004 ck ||||gr|||| 10| 0 spa d | ||
| 040 |
_aCO-JMCR _cCO-JMCR |
||
| 041 | 0 | _aspa | |
| 082 | 0 | 4 |
_a303.625 / _bS471c _223 |
| 111 | 1 |
_aSeminario Las Campañas contra el Terrorismo en Colombia y Perú : un análisis en perspectiva comparada _d(2004) _936251 |
|
| 245 | 1 | 4 |
_aLas campañas contra el terrorismo en Colombia y Perú : _bun análisis en perspectiva comparada / _cSeminario |
| 260 |
_aBogotá : _bMinisterio de Defensa Nacional, _c2004 |
||
| 300 |
_a194 páginas ; _c23 cm. |
||
| 505 | 0 |
_tSendero luminoso versus FARC: Un análisis comparado de dos organizaciones terroristas / _rAlfredo Rangel _tLa Estrategia Contraterrorista Integral Peruana y la Política de Defensa y Seguridad Democrática / _rCarlos Alberto Ospina Valle _tIntegración de la inteligencia como herramienta en la lucha contra las organizaciones terroristas. Los casos del Perú y Colombia / _rHernando Pérez Molina, Marco Miyashiro Arashiro _tRecursos y estrategias contra el terrorismo urbano. Las experiencias peruanas y colombianas _rÓscar Naranjo _tPoblación civil, control territorial y seguridad contraterrorista, comités de Autodefensa versus Soldados Campesinos / _rCarlos Alberto Fracica _tDesmovilización versus arrepentimiento / _rAndrés Peñate Giraldo _tLegislación Antiterrorista / _rGermán Vargas Lleras _tEl papel de los medios de comunicación en la lucha contra el terrorismo / _rDaisy Cañón |
|
| 650 | 1 | 4 |
_aTerrorismo _vCongresos, conferencias, etc. _zColombia _936252 |
| 650 | 2 | 4 |
_aActividades subversivas _vCongresos, conferencias, etc. _zColombia _936253 |
| 650 | 2 | 4 |
_aConflicto armado _vCongresos, conferencias, etc. _zColombia _913636 |
| 650 | 2 | 4 |
_aActividades subversivas _vCongresos, conferencias, etc. _zPerú _936254 |
| 650 | 2 | 4 |
_aConflicto armado _vCongresos, conferencias, etc. _zPerú _936255 |
| 942 |
_2ddc _cBK |
||
| 999 |
_c15419 _d15419 |
||